000 02284cam a22004814i 4500
003 PE-LiUPU
005 20250731173357.0
008 150706s r 000 0 d
020 _a9780310286165
035 _a(Sirsi) i9780310286165
040 _aPE-LiUPU
_bspa
_cPE-LiUPU
_erda
049 _aPRUA
082 0 4 _a232.8
_bL96
_221
100 1 _aLunde, Jonathan,
_eautor.
245 1 0 _aFollowing Jesus, the servant king :
_ba biblical theology of covenantal discipleship /
_cJonathan Lunde.
264 1 _aGrand Rapids :
_bZondervan,
_c2010.
300 _a312 páginas ;
_c23 centímetros
336 _atext
_2rdacontent
337 _aunmediated
_2rdamedia
338 _avolume
_2rdacarrier
504 _aIncluye notas bibliográficas.
505 0 _aThe servant king's call to discipleship -- Covenantal grace and demand -- The gracious grounding of the covenants -- The righteous demand of the covenants -- The covenantal relationship between faith and works of obedience -- The prophet who is the King -- Jesus, the "filter" -- Jesus, the "lens" -- Jesus, the "prism" -- Jesus' kingly summons to the misión -- Discipleship dissonance in the inaugurated kingdom -- Life in covenant with God -- The servant who is the representative -- The servant who is the redeemer -- The servant who is the restorer: part 1 -- The servant who is the restorer: part 2 -- The servant who is the reigning King -- Following the servant King today.
526 _aSEG42
526 _aSEG41
526 _aSEG40
526 _aSEG39
526 _aP94
526 _aP87
526 _aP86
526 _aP85
526 _aP77
526 _aP76
526 _aP35
541 _g9780800634391;
600 1 _aJesucristo
_xPersona y oficio
650 0 4 _aVida cristiana.
910 _agl
_bjck
_d20101215
942 _2ddc
_cBOOK
949 _a232.8 L96
_wDEWEY
_c1
_i62390
_lCCODEBUL1
_mBUL
_p25.00
_r0
_sY
_tBOOK
_u2015-7-6
_xTEOLOGIA
_PP35
_0COMPRA
_o.STAFF. Colección General
994 _aC0
_bPEPRU
596 _a1
999 _a232.8 L96
_wDEWEY
_c51418
_i62390
_d51418
_f2021-11-10
_g5
_lCCODEBUL1
_mBUL
_p25.00
_q1
_r0
_sY
_tBOOK
_u2015-7-6
_xTEOLOGIA
_PP35
_0COMPRA
_o.STAFF. Colección General
980 _81
_gALBERTO SANCHEZ Responsable de Automatización